1644 1347 1742 1719 1618 1181 1290 1810 1552 1800 1175 1590 1165 1957 1338 1092 1997 1974 1395 1599 1999 1345 1073 1292 1947 1630 1202 1088 1046 1195 1498 1367 1728 1232 1031 1135 1611 1320 1636 1308 1704 1705 1157 1273 1839 1588 1757 1831 1295 1607 1895 1357 1222 1188 1289 1441 1435 1899 1939 1797 1641 1113 1339 1882 1007 1962 1230 1406 1997 1310 1091 1280 1897 1119 1351 1612 1300 1389 1670 1274 1759 1578 1555 1441 1579 1839 1503 1197 1297 1234 1232 1639 1572 1171 1298 1919 1682 1045 1481 BCNSPRNW ULIB Ver.6.0+V

เปลี่ยนเป็นภาษาไทย

Change to English
 แสดงรายละเอียดบรรณานุกรม
  กลับหน้าหลัก

Brief Record : Get Marc (ISO 2709) : E-mail record : QR code < ปิดหน้าต่าง
LEADER : 00000nam 2200000uu 4500
001    13399126134
003     ULIB
008    180612s2006||||th 000 0 tha d
020    ^a9780521013338
050 00 ^aPE1128^bC172^cV.3
245 10 ^aCambridge practice tests for IELTS 3
260    ^aCambridge :^bCambridge University Press,^c2006
300    ^a172 p.:^bill. ;^c25 cm.
650 00 ^aInternational English Language Testing System.
650 00 ^aEnglish language^xExaminations, questions, etc.
650 00 ^aEnglish language^xTextbooks for foreign speakers
945    ^p530^l0^i004230
999    ^aวรรณษา ชูชัยมงคล
รายการนี้ยังไม่มีแท็ก
คุณยังไม่ได้ล็อกอิน คุณสามารถมีกิจกรรมร่วมกับเว็บไซต์ได้ แต่ต้องล็อกอินก่อน ::
  ล็อกอิน

รายการสื่อสารสนเทศ

ลำดับที่ ประเภท เลขเรียก/บาร์โค้ด สถานที่ สถานะ
1. วิทยาศาสตร์การแพทย์ และสุขภาพ
หนังสือสำรอง
สถานะ=หนังสือสำรอง
PE1128 C172 V.3 ฉ.1 
  Barcode: 004230
ห้องสมุดวิทยาเขตสวรรค์ประชารักษ์
►หนังสือทั่วไป
บนชั้น

รายการใกล้เคียง
    ชื่อเรื่อง [Cambridge practice tests for IELTS 3]

    หัวเรื่อง [International English Language Testing System.]

BibComment


ยังไม่เคยถูกคอมเมนท์

คอมเมนท์ทรัพยากรรายการนี้
  คอมเมนท์: Cambridge practi..


 Copyright 2026. Bcnsprnw @Library